3 Städte ein Land - Statistiken

Allgemein
  • Dieses Quiz wurde 248 mal gespielt
  • Das Durchschnittsergebnis liegt bei 11 aus 16
Antwortstatistiken
Hint Antwort % Korrekt
Karlsruhe, Bielefeld, Bremen Deutschland
100%
Denver, Seattle, Atlanta Vereinigten Staaten
96%
Thessaloniki, Patras, Iraklion Griechenland
93%
Bergen, Hammerfest, Bodø Norwegen
93%
East London, Durban, Johannesburg Südafrika
93%
Antwerpen, Gent, Brügge Belgien
92%
Kutná Hora, Ostrava, Pilsen Tschechien
91%
Dubrovnik, Split, Pula Kroatien
88%
Alexandria, Sohag, Marsa Matruh Ägypten
79%
Erbil, Mossul, Basra Irak
50%
Timișoara, Craiova, Iași Rumänien
50%
Trujillo, Cusco, Arequipa Peru
47%
Tartu, Viljandi, Pärnu Estland
46%
Surabaya, Banda Aceh, Bandung Indonesien
45%
Karaganda, Atyrau, Aqtöbe Kasachstan
16%
Gonaïves, Jacmel, Jérémie Haiti
10%
Keine übereinstimmenden Quizze gefunden
Verteilung der Resultate
Anzahl Personen mit jedem Resultat
Perzentil nach korrekt beantworteten Fragen
Ihre Resultats-Entwicklung
Sie haben dieses Quiz noch nicht gespielt